So that's what God is Like! / (Record no. 14381)
[ view plain ]
| 000 -LEADER | |
|---|---|
| fixed length control field | 00535nam a22001812 4500 |
| 001 - CONTROL NUMBER | |
| control field | 0000008357 |
| 005 - DATE AND TIME OF LATEST TRANSACTION | |
| control field | 20151217160116.0 |
| 008 - FIXED-LENGTH DATA ELEMENTS--GENERAL INFORMATION | |
| fixed length control field | 080315s xx 000 0 eng d |
| 020 ## - INTERNATIONAL STANDARD BOOK NUMBER | |
| International Standard Book Number | 0825427827 : |
| Terms of availability | KES |
| 040 ## - CATALOGING SOURCE | |
| Original cataloging agency | KABU |
| Transcribing agency | KABU |
| 100 1# - MAIN ENTRY--PERSONAL NAME | |
| Personal name | Hardy, Leanne. |
| -- | 0000158918 |
| 245 10 - TITLE STATEMENT | |
| Title | So that's what God is Like! / |
| Statement of responsibility, etc. | Leanne Hardy; illus. by Janet Wilson. |
| 260 ## - PUBLICATION, DISTRIBUTION, ETC. (IMPRINT) | |
| Place of publication, distribution, etc. | Grand Rapids, MI : |
| Name of publisher, distributor, etc. | Kregel Kidzone, |
| Date of publication, distribution, etc. | 2004. |
| 300 ## - PHYSICAL DESCRIPTION | |
| Extent | [32] p. |
| 908 ## - PUT COMMAND PARAMETER (RLIN) | |
| Put command parameter | 080315 |
| 950 ## - LOCAL HOLDINGS (RLIN) | |
| -- | 1 |
| Withdrawn status | Lost status | Source of classification or shelving scheme | Not for loan | Home library | Current library | Date acquired | Total Checkouts | Full call number | Barcode | Date last seen | Price effective from | Koha item type |
|---|---|---|---|---|---|---|---|---|---|---|---|---|
| Library of Congress Classification | Kabarak, Main Campus | Kabarak, Main Campus | 17/12/2015 | PZ7 .H37S6 | 012665 | 17/12/2015 | 17/12/2015 | Children Collection |